000 00582nam a2200169Ia 4500
008 090201s9999 xx 000 0 und d
010 _aKPL-57934
040 _bमराठी
041 _aमराठी
082 _a7524
_b57934
100 _aभीमराव कुलकर्णी
245 _aसंपूर्ण गडकरी खंड-1
_cभीमराव कुलकर्णी
260 _c2004
_bसरिता प्रकाशन
300 _a465
_bमोठा
600 _aसंपूर्ण गडकरी खंड-1
942 _cBOOK
999 _c208239
_d208239